| 000 | 01491aam a2200325 i 4500 | ||
|---|---|---|---|
| 001 | 768714001 | ||
| 003 | CO-MdFUSB | ||
| 005 | 20241015165503.0 | ||
| 007 | ta | ||
| 008 | 200627s1994 -usa|||| |||| 00| 0 eng d | ||
| 020 | _a0801010748 | ||
| 040 |
_bspa. _aCO-MdFUSB _cCO-MdFUSB _dCO-MdFUSBC _erda |
||
| 041 | _aeng | ||
| 082 | 0 | 4 |
_223 _a225.66 _bB627 |
| 100 | 1 |
_aBlack, David Alan _eautor |
|
| 245 | 1 | 0 |
_aNew testament textual criticism : _ba concise guide _c/ David Alan Black |
| 264 | 1 |
_aGrand Rapids, Michigan : _bBaker Books, _c[1994] |
|
| 264 | 4 | _c© 1994 | |
| 300 |
_a79 páginas. _bilustraciones _c; 22 cm |
||
| 336 |
_2rdacontent _atexto _btxt |
||
| 337 |
_2rdamedia _asin mediación _bn |
||
| 338 |
_2rdacarrier _avolumen _bnc |
||
| 505 | _aEscribas, pergaminos y Escrituras: el propósito y los materiales de la crítica textual del Nuevo Testamento - De la corrupción a la restauración: la historia y los métodos de la crítica textual del Nuevo Testamento - De la teoría a la práctica: ejemplos seleccionados de crítica textual del Nuevo Testamento - Apéndice 1 : tipos de errores en los manuscritos del Nuevo Testamento - Apéndice 2: tipos de texto y agrupaciones de testigos - Apéndice 3: una hoja de trabajo para la crítica textual del Nuevo Testamento. | ||
| 563 | _aRústico | ||
| 630 | 0 | 7 |
_aBiblia. _pNuevo Testamento _xCrítica, interpretación, etc. |
| 650 | 7 |
_aCrítica textual _9482 |
|
| 942 | _cBK | ||
| 945 | _aJTF-925 | ||
| 999 |
_c66339 _d66339 |
||